000 00617nam a22002177a 4500
003 UA-OsUOA
001 130097
007 ta
008 20180411b un ||||| |||| 00| 0 ukr d
100 _aФаріон І.
090 _a94(477)
_bФ24
942 _cSA
040 _aUA-OsUOA
_bukr
_cUA-OsUOA
_dUA-OsUOA
245 _aІван Мазепа (20.03.1639 - 21.09.1709 рр.): предтеча народної української мови
300 _aС.6-7
955 _a0
041 _aukr
080 _a94(477)
773 0 _w130095
650 7 _a9 Географія. Біографії. Історія
_2UDC
999 _c417910
_d417910